00694nam a2200193Ia 4500003000900000008004100009040001600050080001600066100002200082245012100104250001200225260003900237300001600276650003100292650004100323942000700364999001300371952011600384IN-BaIIA211028s9999 xx 000 0 eng d cIIA Library a517.95bBAT aBateman, H.91625 0aPartial differential equations of mathematical physicscH. Bateman  a1st ed. aNew YorkbDover Publicationsc1944 axxii, 522p. aMathematical Physics91525 aPartial Differential Equations91626 cBK c757d757 00104070aBANbKODcGENd0000-00-00g24.75l0o517.95/ BATp781r2021-11-05v24.75w0000-00-00yBKGRs. 24.75